[Event "candidates (w)"]
[Site "Borjomi URS"]
[Date "1990.??.??"]
[Round "1"]
[White "Klimova-Richtrova, Eliska"]
[Black "Maric, Alisa"]
[Result "1/2-1/2"]
[WhiteElo "2340"]
[BlackElo "2305"]
[EventDate "1990.10.??"]
[PlyCount "43"]

1.d4 d5 2.c4 e6 3.Nf3 Nf6 4.g3 dxc4 5.Qc2 c5 6.Qxc4 Nc6 7.dxc5 Qa5+ 8.Bd2 
Qxc5 9.Qxc5 Bxc5 10.Nc3 b6 11.Bg2 Bb7 12.O-O O-O 13.Rad1 Nd4 14.Bg5 Nxf3+ 
15.Bxf3 Bxf3 16.exf3 Be7 17.Ne4 Rfd8 18.Rxd8+ Rxd8 19.Rc1 h6 20.Nxf6+ Bxf6
21.Bxf6 gxf6 22.Rc7 1/2-1/2

[Event "candidates (w)"]
[Site "Borjomi URS"]
[Date "1990.??.??"]
[Round "2"]
[White "Galliamova, Alisa"]
[Black "Donaldson-Akhmilovskaya, Elena"]
[Result "1-0"]
[WhiteElo "2370"]
[BlackElo "2430"]
[EventDate "1990.10.??"]
[PlyCount "99"]

1.c4 f5 2.Nc3 Nf6 3.g3 e5 4.d4 exd4 5.Qxd4 Nc6 6.Qf4 Bb4 7.Bd2 d6 8.Bg2 
O-O 9.h4 Re8 10.Nh3 Ne5 11.O-O h6 12.Be1 c6 13.b3 Bc5 14.Kh1 Qe7 15.Qd2 
Ng6 16.Rd1 Ne4 17.Nxe4 fxe4 18.b4 Bb6 19.Qxd6 Qxd6 20.Rxd6 Ne5 21.c5 Bc7 
22.Rd4 e3 23.f4 Ng4 24.a4 Bf5 25.b5 Nf6 26.Ng1 Rad8 27.Nf3 Ne4 28.bxc6 
bxc6 29.Rxd8 Rxd8 30.Ne5 Nd2 31.Nxc6 Nxf1 32.Nxd8 Nxg3+ 33.Bxg3 Bxd8 34.
Be1 Kf7 35.Bd5+ Kg6 36.Kg2 Bg4 37.Bf3 Kf5 38.Kg3 h5 39.Bc3 Bc7 40.Be5 Bxe5
41.fxe5 Kxe5 42.Bxg4 hxg4 43.Kxg4 Kd5 44.Kf3 Kxc5 45.Kxe3 Kb4 46.Kd4 Kxa4 
47.Kc4 Ka5 48.Kc5 Ka6 49.Kc6 Ka5 50.e4 1-0

[Event "candidates (w)"]
[Site "Borjomi URS"]
[Date "1990.??.??"]
[Round "2"]
[White "Maric, Alisa"]
[Black "Kachiani, Ketino"]
[Result "1-0"]
[WhiteElo "2305"]
[BlackElo "2330"]
[EventDate "1990.10.??"]
[PlyCount "63"]

1.d4 Nf6 2.c4 e6 3.Nc3 Bb4 4.Qc2 O-O 5.a3 Bxc3+ 6.Qxc3 b6 7.Bg5 Bb7 8.Nh3 
h6 9.Bh4 d5 10.cxd5 exd5 11.e3 Re8 12.Bd3 c5 13.O-O c4 14.Bc2 Nc6 15.f3 b5
16.Nf2 a5 17.Ng4 Ne4 18.Qe1 Ng5 19.f4 Nxd4 20.fxg5 Nxc2 21.Qf2 Qd7 22.
Nxh6+ gxh6 23.gxh6 Re4 24.Qf6 Rg4 25.Bg5 Rxg2+ 26.Kh1 Rxg5 27.Qxg5+ Kf8 
28.Qg7+ Ke8 29.Qg8+ Ke7 30.Rxf7+ Kd6 31.Rxd7+ Kxd7 32.Qh7+ 1-0

[Event "candidates (w)"]
[Site "Borjomi URS"]
[Date "1990.??.??"]
[Round "3"]
[White "Donaldson-Akhmilovskaya, Elena"]
[Black "Klimova-Richtrova, Eliska"]
[Result "1-0"]
[WhiteElo "2430"]
[BlackElo "2340"]
[EventDate "1990.10.??"]
[PlyCount "81"]

1.d4 Nf6 2.c4 g6 3.Nc3 d5 4.Nf3 Bg7 5.Qb3 dxc4 6.Qxc4 O-O 7.e4 Na6 8.Be2 
c5 9.d5 e6 10.O-O exd5 11.exd5 Bf5 12.Bf4 Qb6 13.Be5 Rad8 14.b3 Qb4 15.
Rfd1 Ne8 16.Bxg7 Kxg7 17.Rac1 Qxc4 18.Bxc4 Nac7 19.Nb5 Nxb5 20.Bxb5 Nd6 
21.Bf1 b6 22.Ne5 Rfe8 23.Nc6 Rd7 24.f3 Rc7 25.Kf2 Bd7 26.Nd4 Rcc8 27.Nc2 
f5 28.Ne3 b5 29.g3 g5 30.Rd2 Rc7 31.Rdc2 Rec8 32.Bd3 h6 33.f4 gxf4 34.gxf4
Kf6 35.a4 a6 36.axb5 axb5 37.Ra2 c4 38.Rac2 c3 39.Ra2 Rg8 40.Ra6 Ke7 41.
Re1 1-0

[Event "candidates (w)"]
[Site "Borjomi URS"]
[Date "1990.??.??"]
[Round "3"]
[White "Kachiani, Ketino"]
[Black "Ioseliani, Nana"]
[Result "1/2-1/2"]
[WhiteElo "2330"]
[BlackElo "2480"]
[EventDate "1990.10.??"]
[PlyCount "69"]

1.d4 Nf6 2.c4 g6 3.Nc3 Bg7 4.e4 d6 5.Be2 O-O 6.Bg5 Na6 7.Nf3 Qe8 8.Nd2 e5 
9.d5 Nd7 10.g4 Ndc5 11.a3 f6 12.Be3 f5 13.b4 f4 14.Bxc5 dxc5 15.b5 Nb8 16.
g5 f3 17.Bxf3 Qf7 18.Qe2 a6 19.Qe3 Qe7 20.Bd1 Rf4 21.Qg3 Nd7 22.h4 Nb6 23.
h5 Bd7 24.bxa6 Rxa6 25.hxg6 hxg6 26.a4 Qd8 27.f3 Nc8 28.Nb3 Qe7 29.Ra2 Nb6
30.Nd2 Nc8 31.Nb3 Nb6 32.Nd2 Nc8 33.Nb3 Ra8 34.Nb5 c6 35.Nc3 1/2-1/2

[Event "candidates (w)"]
[Site "Borjomi URS"]
[Date "1990.??.??"]
[Round "4"]
[White "Maric, Alisa"]
[Black "Ioseliani, Nana"]
[Result "1/2-1/2"]
[WhiteElo "2305"]
[BlackElo "2480"]
[EventDate "1990.10.??"]
[PlyCount "107"]

1.d4 d5 2.c4 dxc4 3.Nf3 a6 4.a4 Nf6 5.e3 e6 6.Bxc4 c5 7.O-O Nc6 8.Qe2 cxd4
9.Rd1 Be7 10.exd4 O-O 11.Nc3 Nd5 12.Ne5 Nxc3 13.bxc3 Nxe5 14.dxe5 Qc7 15.
a5 Bd7 16.Be3 Rac8 17.Bb6 Qc6 18.h3 Bg5 19.Rd4 Be8 20.Rad1 Be7 21.Bd3 Qxc3
22.Qe4 g6 23.Qxb7 Ba3 24.Qxa6 Bc6 25.Bf1 Bd5 26.Qe2 Rc6 27.R4d3 Qb4 28.Qe3
Bb2 29.Qe1 Bc3 30.Qe3 Bb2 31.Rb1 Ba2 32.Qe1 Bc3 33.Rxb4 Bxe1 34.Rb2 Bd5 
35.Rb1 Bc3 36.Re3 Ra8 37.Bb5 Rcc8 38.Rc1 Bxa5 39.Rxc8+ Rxc8 40.Bxa5 Rc5 
41.Bd8 Rxb5 42.Rc3 Rb8 43.Bf6 Kf8 44.h4 h5 45.Kh2 Ke8 46.Rc7 Rb7 47.Rc8+ 
Kd7 48.Rf8 Kc6 49.Kg3 Ra7 50.Bg5 Rb7 51.Be3 Be4 52.f3 Bd5 53.Kf4 Rb4+ 54.
Kg3 1/2-1/2

[Event "candidates (w)"]
[Site "Borjomi URS"]
[Date "1990.??.??"]
[Round "4"]
[White "Xie Jun"]
[Black "Donaldson-Akhmilovskaya, Elena"]
[Result "1-0"]
[WhiteElo "2360"]
[BlackElo "2430"]
[EventDate "1990.10.??"]
[PlyCount "93"]

1.e4 e5 2.Nf3 Nc6 3.Bb5 g6 4.c3 a6 5.Ba4 d6 6.d4 Bd7 7.O-O Bg7 8.dxe5 Nxe5
9.Nxe5 dxe5 10.f4 Bxa4 11.Qxa4+ Qd7 12.Qxd7+ Kxd7 13.fxe5 Ke6 14.Bf4 Rf8 
15.Nd2 Bxe5 16.Bxe5 Kxe5 17.Rad1 Nf6 18.Nf3+ Ke6 19.e5 Nh5 20.g4 Ng7 21.
Ng5+ Ke7 22.Nxf7 Rxf7 23.Rd7+ Kxd7 24.Rxf7+ Ke6 25.Rxg7 Kxe5 26.Rxc7 Kf4 
27.Rxb7 Kxg4 28.Kg2 Rd8 29.Rf7 Rd1 30.Rf1 Rd2+ 31.Rf2 Rd1 32.Rc2 Kf5 33.c4
Ke6 34.Kf3 Kd6 35.Ke2 Rb1 36.Kd3 Kc5 37.Kc3 a5 38.Kb3 Re1 39.Ka4 Re7 40.a3
Rb7 41.b3 g5 42.Rd2 Rg7 43.Rd5+ Kc6 44.Rxa5 h5 45.b4 h4 46.Ra6+ Kb7 47.Rh6
1-0

[Event "candidates (w)"]
[Site "Borjomi URS"]
[Date "1990.??.??"]
[Round "5"]
[White "Donaldson-Akhmilovskaya, Elena"]
[Black "Maric, Alisa"]
[Result "1/2-1/2"]
[WhiteElo "2430"]
[BlackElo "2305"]
[EventDate "1990.10.??"]
[PlyCount "53"]

1.d4 d5 2.c4 e6 3.g3 dxc4 4.Bg2 c5 5.Nf3 Nc6 6.O-O cxd4 7.Qa4 Bd7 8.Qxc4 
Qb6 9.Nbd2 Nf6 10.Nb3 Rc8 11.e3 Be7 12.Nbxd4 O-O 13.Qb3 Nxd4 14.Nxd4 Qxb3 
15.axb3 e5 16.Nf3 Bb5 17.Re1 Rfd8 18.Bd2 Nd7 19.Ba5 b6 20.Nxe5 Nc5 21.Bc3 
a5 22.Rad1 Bf6 23.f4 Bxe5 24.fxe5 Nd3 25.Rf1 Nc5 26.Rfe1 Nd3 27.Rf1 
1/2-1/2

[Event "candidates (w)"]
[Site "Borjomi URS"]
[Date "1990.??.??"]
[Round "5"]
[White "Ioseliani, Nana"]
[Black "Galliamova, Alisa"]
[Result "1-0"]
[WhiteElo "2480"]
[BlackElo "2370"]
[EventDate "1990.10.??"]
[PlyCount "83"]

1.Nf3 Nf6 2.c4 e6 3.Nc3 Bb4 4.Qc2 O-O 5.a3 Bxc3 6.Qxc3 b6 7.b3 Bb7 8.Bb2 
d6 9.e3 Nbd7 10.Be2 Qe7 11.O-O c5 12.Rfe1 e5 13.d4 Ne4 14.Qc2 Ng5 15.Qf5 
Bxf3 16.gxf3 g6 17.Qg4 f5 18.Qg2 cxd4 19.f4 Ne6 20.fxe5 dxe5 21.exd4 e4 
22.d5 Nf4 23.Qg3 Nxe2+ 24.Rxe2 Rfe8 25.f4 Kf7 26.b4 Rg8 27.Qe3 g5 28.Kh1 
g4 29.Rc1 Rac8 30.Bd4 Qd6 31.Qg3 b5 32.Qh4 h6 33.Qh5+ Qg6 34.Qxg6+ Rxg6 
35.c5 g3 36.c6 Nb6 37.d6 Nc4 38.a4 a6 39.axb5 axb5 40.Ra2 Nxd6 41.Ra7+ Ke8
42.Ra6 1-0

[Event "candidates (w)"]
[Site "Borjomi URS"]
[Date "1990.??.??"]
[Round "5"]
[White "Kachiani, Ketino"]
[Black "Klimova-Richtrova, Eliska"]
[Result "1/2-1/2"]
[WhiteElo "2330"]
[BlackElo "2340"]
[EventDate "1990.10.??"]
[PlyCount "34"]

1.d4 d5 2.c4 e6 3.Nf3 f5 4.g3 Nf6 5.Bg2 c6 6.O-O Bd6 7.g4 Bb4 8.gxf5 O-O 
9.e3 Bd7 10.Nc3 Be8 11.Qc2 Nbd7 12.cxd5 cxd5 13.Na4 Nb6 14.Nc5 Rc8 15.Qb3 
Qe7 16.a4 Nc4 17.Ra2 Bc6 1/2-1/2

[Event "candidates (w)"]
[Site "Borjomi URS"]
[Date "1990.??.??"]
[Round "6"]
[White "Maric, Alisa"]
[Black "Galliamova, Alisa"]
[Result "1-0"]
[WhiteElo "2305"]
[BlackElo "2370"]
[EventDate "1990.10.??"]
[PlyCount "119"]

1.d4 Nf6 2.c4 e6 3.Nc3 Bb4 4.Qc2 O-O 5.a3 Bxc3+ 6.Qxc3 b6 7.Bg5 c5 8.dxc5 
bxc5 9.e3 d6 10.Nh3 Nbd7 11.O-O-O h6 12.Bh4 Ne4 13.Bxd8 Nxc3 14.bxc3 Rxd8 
15.Rxd6 Bb7 16.f3 Nb6 17.Rxd8+ Rxd8 18.Be2 Ba6 19.Rd1 Rc8 20.Rd6 Kf8 21.e4
Ke7 22.e5 Bb7 23.g3 g5 24.Rd2 Rg8 25.Nf2 Nd7 26.Ng4 Rh8 27.f4 gxf4 28.gxf4
h5 29.Ne3 h4 30.Ng4 h3 31.Bd1 Rh4 32.a4 Ba6 33.Be2 Bb7 34.a5 Rh8 35.Bd1 
Bc6 36.Rd6 Rc8 37.Rd3 Rh8 38.Nf2 Bg2 39.Ba4 Nf8 40.Ng4 Ng6 41.Rd7+ Kf8 42.
Rxa7 Nxf4 43.Rd7 Kg7 44.a6 Ng6 45.a7 Ra8 46.Bd1 Kf8 47.Bc2 Ne7 48.Ba4 Nc6 
49.Bxc6 Bxc6 50.Rc7 Bf3 51.Nf6 Kg7 52.Kd2 Rh8 53.Ke3 Bh1 54.Nd7 Kg6 55.Kf4
Rh4+ 56.Kg3 Kg5 57.Kf2 Rf4+ 58.Ke2 Re4+ 59.Kd2 Bf3 60.a8=Q 1-0

[Event "candidates (w)"]
[Site "Borjomi URS"]
[Date "1990.??.??"]
[Round "6"]
[White "Klimova-Richtrova, Eliska"]
[Black "Ioseliani, Nana"]
[Result "0-1"]
[WhiteElo "2340"]
[BlackElo "2480"]
[EventDate "1990.10.??"]
[PlyCount "68"]

1.d4 Nf6 2.Nf3 g6 3.Bf4 Bg7 4.e3 O-O 5.Be2 c5 6.c3 cxd4 7.exd4 d6 8.h3 Nc6
9.O-O Nd5 10.Bh2 e5 11.Nbd2 Nb6 12.dxe5 dxe5 13.Ne4 Bf5 14.Nd6 Be6 15.Bb5 
Qc7 16.c4 Rad8 17.c5 Nd7 18.b4 Nxb4 19.Bxd7 Qxd7 20.Nxe5 Qe7 21.Rb1 Bxa2 
22.Re1 Bxb1 23.Qxb1 a5 24.Nxg6 Qxe1+ 25.Qxe1 hxg6 26.g4 Ra8 27.Nxb7 Nd3 
28.Qb1 a4 29.Qxd3 a3 30.Na5 Rxa5 31.Qd2 Rxc5 32.Qa2 Rc1+ 33.Kg2 Ra1 34.Qe2
a2 0-1

[Event "candidates (w)"]
[Site "Borjomi URS"]
[Date "1990.??.??"]
[Round "7"]
[White "Galliamova, Alisa"]
[Black "Klimova-Richtrova, Eliska"]
[Result "1/2-1/2"]
[WhiteElo "2370"]
[BlackElo "2340"]
[EventDate "1990.10.??"]
[PlyCount "156"]

1.c4 e6 2.Nc3 d5 3.d4 f5 4.Nf3 Nf6 5.Bf4 c6 6.e3 Be7 7.h3 Qa5 8.Bd3 O-O 9.
O-O Ne4 10.a3 Nd7 11.b4 Qd8 12.Qc2 Qe8 13.b5 Qh5 14.bxc6 bxc6 15.cxd5 cxd5
16.Nb5 g5 17.Bh2 Ndf6 18.Nc7 g4 19.Ne5 Bb7 20.Nxa8 Bxa8 21.Be2 Bd6 22.f3 
gxf3 23.Rxf3 Qh6 24.Bf4 Qg7 25.Nd3 Bb7 26.Bxd6 Nxd6 27.Qc5 Nc4 28.Nf4 Re8 
29.Kh2 Ne4 30.Qb5 Ncd6 31.Qb4 Qc7 32.Rg1 Kh8 33.g4 fxg4 34.Rxg4 Nf5 35.Bd3
Bc6 36.Qe1 Rb8 37.Rg2 Qe7 38.Rg4 Rb2+ 39.Kh1 Qxa3 40.Qg1 Rb8 41.h4 Qe7 42.
h5 Nh6 43.Rg2 Nf5 44.Rh3 Qf6 45.Qc1 Ba4 46.Qc7 Re8 47.Qxa7 Bd1 48.Qd7 Qe7 
49.Qxe7 Rxe7 50.h6 Bg4 51.Bxe4 Bxh3 52.Nxh3 dxe4 53.Ng5 Nxh6 54.Nxe4 Ng8 
55.Ng5 Nf6 56.Rf2 Kg7 57.Kg2 Nd5 58.e4 h6 59.Nh3 Nf6 60.e5 Nh5 61.Ra2 Rd7 
62.Ra4 Kg6 63.Kf3 Kf5 64.Nf2 Rb7 65.Ng4 Kg5 66.Nxh6 Rb3+ 67.Kf2 Kxh6 68.
Ra6 Nf4 69.d5 Nxd5 70.Rd6 Kg5 71.Rd8 Kf4 72.Rf8+ Kxe5 73.Re8 Kf5 74.Ke2 
Nf6 75.Re7 Rb2+ 76.Kd3 Nd5 77.Re8 Nf4+ 78.Kc3 Rb7 1/2-1/2

[Event "candidates (w)"]
[Site "Borjomi URS"]
[Date "1990.??.??"]
[Round "7"]
[White "Ioseliani, Nana"]
[Black "Xie Jun"]
[Result "0-1"]
[WhiteElo "2480"]
[BlackElo "2360"]
[EventDate "1990.10.??"]
[PlyCount "126"]

1.e4 e5 2.Nf3 Nc6 3.Bb5 a6 4.Ba4 Nf6 5.O-O Be7 6.Re1 b5 7.Bb3 O-O 8.h3 Bb7
9.d3 d6 10.a3 h6 11.Nc3 Re8 12.Ba2 Bf8 13.Nh4 b4 14.axb4 Nxb4 15.Bb3 d5 
16.Qf3 g6 17.exd5 Nbxd5 18.Nxd5 Nxd5 19.Qe4 Bg7 20.Ba4 c6 21.Nf3 Kh7 22.
Bb3 c5 23.Qc4 Rc8 24.Qh4 f6 25.Nh2 Ne7 26.Bd2 Qd6 27.Qg4 Nd5 28.Nf3 h5 29.
Qg3 Ne7 30.h4 Nf5 31.Qh3 Rc7 32.Bc4 Rce7 33.Bc3 Qc6 34.Bb3 Qd6 35.Bc4 Nd4 
36.Nxd4 exd4 37.Bd2 Re2 38.Ba5 Qf4 39.Qg3 Qxg3 40.fxg3 Rxg2+ 41.Kf1 Re3 
42.Bxa6 Ba8 43.Bc7 Bh6 44.Bc4 Rxe1+ 45.Rxe1 Be3 46.Bf4 Rg1+ 47.Ke2 Bf3+ 
48.Kxf3 Rxe1 49.Bd6 Bc1 50.Bxc5 Bxb2 51.Kf2 Re8 52.Kf3 Bc3 53.Bb3 g5 54.
Bf7 Re3+ 55.Kg2 gxh4 56.gxh4 Kg7 57.Bb3 Re2+ 58.Kg3 f5 59.Bb6 Kg6 60.Ba4 
Be1+ 61.Kh3 Bf2 62.Bd8 f4 63.Bc6 Bg1 0-1

[Event "candidates (w)"]
[Site "Borjomi URS"]
[Date "1990.??.??"]
[Round "7"]
[White "Kachiani, Ketino"]
[Black "Donaldson-Akhmilovskaya, Elena"]
[Result "0-1"]
[WhiteElo "2330"]
[BlackElo "2430"]
[EventDate "1990.10.??"]
[PlyCount "94"]

1.d4 d5 2.c4 e6 3.Nf3 f5 4.g3 Nf6 5.Bg2 c6 6.O-O Bd6 7.Bf4 Bxf4 8.gxf4 O-O
9.Nc3 Nbd7 10.e3 Qe7 11.Qe2 Ne4 12.Nxe4 fxe4 13.Ng5 Nf6 14.f3 exf3 15.Nxf3
Bd7 16.Ne5 Be8 17.Bf3 Rd8 18.Kh1 Nd7 19.Nxd7 Rxd7 20.Rg1 Bg6 21.Rac1 Bf5 
22.Rg5 h6 23.Rg3 Kh8 24.c5 Qf6 25.Qg2 Rg8 26.b4 g6 27.a4 Rdg7 28.Rg1 Kh7 
29.b5 Qd8 30.Qd2 g5 31.Bg4 Be4+ 32.Bf3 Bxf3+ 33.Rxf3 g4 34.Rfg3 Qf6 35.Qg2
h5 36.h3 Qf5 37.hxg4 Rxg4 38.Qh3 Rxg3 39.Rxg3 Rxg3 40.Qxg3 Qg4 41.Qxg4 
hxg4 42.e4 dxe4 43.b6 axb6 44.Kg2 e3 45.f5 exf5 46.d5 f4 47.dxc6 f3+ 0-1